• 首页
  • 本馆介绍
  • 公告通知
  • 最新文献
  • 馆藏检索
  • 电子资源
  • 读者导购
  • 参考咨询
  • 我的图书馆
  • 登录
  • 详细信息显示
  • 放入我的书架
  • 预约/预借图书
  • 作者相关作品
  • 分类相关作品
  • 丛书相关作品
  • 出版社相关作品

书目信息

  • 表格格式
  • 工作单格式
  • 卡片格式
题名:
生物技术、信息技术的知识产权保护
    
 
作者: 张玉瑞 著
分册:  
出版信息: 北京   中国社会科学出版社  2009
页数: 476页
开本: 24cm
丛书名:
单 册:
中图分类: D913.04
科图分类:
主题词: 生物技术--知识产权--保护--研究 , 信息技术--知识产权--保护--研究 , 知识产权 , 生物技术
电子资源:
ISBN: 978-7-5004-7495-1
000 01335nam0 2200289 45
001 1050867359
005 20100415105747.34
010    @a978-7-5004-7495-1@dCNY48.00
100    @a20100409d2009 em y0chiy50 ea
101 0  @achi
102    @aCN@b110000
105    @ay z 000yy
106    @ar
200 1  @a生物技术、信息技术的知识产权保护@ASheng Wu Ji Shu、 Xin Xi Ji Shu De Zhi Shi Chan Quan Bao Hu@dThe intellectual property protection for biotechnology & information technology@f张玉瑞著@FZhang Yu Rui Zhu@zeng
210    @a北京@c中国社会科学出版社@d2009
215    @a476页@d24cm
300    @a国家社会科学基金研究项目中国社会科学院出版基金资助项目
330    @a本书内容包括:美国有关各界围绕eBay案对禁令制度发表的深刻意见,以及最高法院最后的处理结果;美国、欧盟知识产权许可反垄断审查的具体规定;欧洲议会之欧盟软件专利指令,日本、美国专利局计算机软件专利审查实践等;美国、欧洲、日本专利局有关生物技术的协作研究成果以及它们的生物技术专利审查实践等。
510 1  @aIntellectual property protection for biotechnology & information technology@zeng
606 0  @a生物技术@x知识产权@x保护@x研究
606 0  @a信息技术@x知识产权@x保护@x研究
606 0  @a知识产权
606 0  @a生物技术
690    @aD913.04@v4
701  0 @a张玉瑞@AZhang Yu Rui@4著
801  0 @aCN@bTANGWEI@c20100415
905    @b0591234-38@dD913.04@e430@f5
    
    生物技术、信息技术的知识产权保护=The intellectual property protection for biotechnology & information technology/张玉瑞著.-北京:中国社会科学出版社,2009
    476页;24cm
    国家社会科学基金研究项目中国社会科学院出版基金资助项目
    
    ISBN 978-7-5004-7495-1:CNY48.00
    本书内容包括:美国有关各界围绕eBay案对禁令制度发表的深刻意见,以及最高法院最后的处理结果;美国、欧盟知识产权许可反垄断审查的具体规定;欧洲议会之欧盟软件专利指令,日本、美国专利局计算机软件专利审查实践等;美国、欧洲、日本专利局有关生物技术的协作研究成果以及它们的生物技术专利审查实践等。
●
相关链接 在E读中查询图书 在五车中查询图书 在当当中查询图书 在豆瓣中查询图书


正题名:生物技术、信息技术的知识产权保护     索取号:D913.04/430         预约/预借

序号 登录号 条形码 馆藏地/架位号 状态 备注
1 0591234   205912342   第一样本阅览室/ [索取号:D913.04/430] 在馆    
2 0591235   205912351   第一借阅区/ [索取号:D913.04/430] 在馆    
3 0591236   205912360   第一借阅区/ [索取号:D913.04/430] 在馆    
4 0591237   205912379   第一借阅区/ [索取号:D913.04/430] 在馆    
5 0591238   205912388   第一借阅区/ [索取号:D913.04/430] 在馆    
唐山师范学院图书馆 欢迎您!
大连网信软件有限公司© 版权所有